000 00469nam a2200181Ia 4500
001 10041
005 20260306161802.0
008 260306t1994||||xx |||||||||||||| ||spa||
041 _aESP
082 _a869.569
_bS63
100 _aSobrevilla, David
_eAUT
245 0 _aCésar Vallejo:
_bpoeta nacional y universal y otros trabajos vallejianos
260 _c1994
300 _a335 páginas :
_c20 cm.
650 _aGEN
654 _aCHU
942 _cLIB
_dJUS
_fJUS
_2ddc
_n
999 _c10041
_d10041